000 00767nac a22002537a 4500
001 BR6001755
003 BR-BrBNA
005 20240105113016.0
008 230509b bl.|||m| |||| 00| 0 por d
040 _aBR-BrBNA
_bpor
_cBiblioteca Nacional de Agricultura
072 _aA00
090 _aA00 BR6001755
100 1 _aTavora, J.
110 1 _aMinisterio da Agricultura, Rio de Janeiro, GB (Brasil)
_96904
245 1 _aO Ministerio da Agricultura em 1933-1934 [Brasil]
260 3 _aRio de Janeiro, GB (Brasil):
_c1934.
300 _a161 p.
490 _aRelatorio - Ministerio da Agricultura (Brazil)
_v
_x
650 _aAGRICULTURA
650 _aDESPESA
650 _aRECEITA
909 _a202312
_bLúcia Elande
_c55
_dLúcia Elande
942 _2AGRIS
_n0
_cMS
999 _c261390
_d261390